Základy hornické geofyziky : vysokoškolská učebnice /

Hlavní autor: Müller, Karel, 1929-2013
Další autoři: Hofrichterová, Libuše, 1945-, Okál, Marián, 1924-
Jazyk: Čeština
Vydáno: Praha : Bratislava : Státní nakladatelství technické literatury ;Alfa, 1985
Vydání: 1. vyd.
Témata:
Fyzický popis: 220 s. : il., mapy ; 24 cm
Knihy
Uloženo v:
LEADER 01140nam a22003252a 4500
001 000855944
003 CZ BrMZK
005 20070629132209.0
007 ta
008 070629s1985 xr ab er|||||||||||cze d
015 |a cnb000010957 
020 |q (Váz.) :  |c 17 Kčs 
035 |a (OCoLC)39406803 
040 |a BOA001  |b cze 
080 9 |a 550.3 
080 9 |a 550.8 
080 9 |a 622 
100 1 |a Müller, Karel,  |d 1929-2013  |7 jo2002105739  |4 aut 
245 1 0 |a Základy hornické geofyziky :  |b vysokoškolská učebnice /  |c Karel Müller, Marián Okál, Libuše Hofrichterová 
250 |a 1. vyd. 
260 |a Praha :  |b Státní nakladatelství technické literatury ;  |a Bratislava :  |b Alfa,  |c 1985 
300 |a 220 s. :  |b il., mapy ;  |c 24 cm 
504 |a Obsahuje bibliografii a rejstřík 
700 1 |a Hofrichterová, Libuše,  |d 1945-  |7 mzk2005290075  |4 aut 
700 1 |a Okál, Marián,  |d 1924-  |7 xx0021700  |4 aut 
910 |a BOA001  |b 2-0890.697 
964 |a Hornická geofyzika - učebnice - vysoké školy 
990 |a BK 
991 |b 200706 
996 6 |b 2619286391  |c 2-0890.697  |l MZK  |r Sklad / do 1 hodiny  |n 5  |w 000855944  |u 000010  |a 1  |e BOA001  |j MZK50  |s P